000 00642nam a2200217Ia 4500
003 GCL
008 140319s9999 xx 000 0 ara d
040 _aGCL /
_cGCL
082 0 4 _a412
_bم ن
100 1 _aمحمد حسن عبدالعزيز
245 1 0 _aالنحت فى اللغة العربية /
_cمحمد حسن عبدالعزيز
260 _a[S.N] :
_bدار الفكر العربى ،
_c1990
300 _a97 ص
490 _a
650 0 4 _aالاشتقاق
650 0 4 _aالاصوات اللغوية
650 0 4 _aاللغة العربية
650 0 4 _aالفاظ
650 0 4 _aالاختصارات
942 _2ddc
_cBK
999 _c32302
_d32302